Sanat - "Ilves" - Anssi Kela - Statistics

Yleistilastot
  • Tätä visaa on pelattu 162 kertaa
  • Keskiarvotulos 152 / 249
Vastaustilastot
Vastaus % Oikein
ilveksen
94%
ja
92%
kun
92%
Kun
92%
Se
92%
se
92%
sen
91%
me
87%
näin
86%
kerran
84%
viimeisen
84%
jää
78%
jäljet
78%
lumeen
78%
vain
78%
et
77%
poika
77%
sanoi
76%
meistä
75%
tuu
73%
koulussa
72%
ilves
71%
71%
on
71%
sai
71%
katse
70%
siit
70%
tuulen
70%
voimistuneen
70%
luokkakuvassa
68%
nimekseen
68%
piti
67%
lätkäjoukkueen
66%
ilves
65%
kertoi
65%
vakava
65%
ei
63%
pipoa
63%
oli
61%
vaan
61%
Nintendoo
59%
joka
58%
kuin
58%
pelaamaan
57%
lemmikki
56%
Mun
54%
mun
54%
pyysin
54%
sitä
54%
kaverit
53%
muut
53%
rööki
53%
haisi
52%
aina
51%
ollut
51%
faija
49%
löi
49%
luki
49%
mulle
49%
ne
49%
taivaaseen
49%
kävi
48%
viimeinen
48%
kädet
47%
kuteissaan
47%
sääliiksi
47%
sarjiksii
47%
toisinaan
47%
valittiin
47%
jäi
46%
joskus
46%
olentoo
46%
outoo
46%
sille
46%
ykkönen
46%
astui
44%
Herra
44%
puusta
44%
samasta
44%
muistetaan
43%
parvekkeen
43%
välitunneilla
43%
yksinään
43%
huomas
42%
lainasin
42%
levitti
42%
syötettiin
42%
jengejään
41%
kentän
41%
laitaan
41%
otin
41%
äännitti
39%
että
39%
kapteenit
39%
ilmaa
38%
kuuluu
38%
nauroi
38%
vanhempiensa
38%
voittajiin
38%
hotellin
37%
Huut
37%
jakoivat
37%
lopulta
37%
mitään
37%
mut
37%
sua
37%
kelle
35%
niitä
35%
oppilaskunnan
35%
rakastetaan
35%
Jotkut
34%
kaiteella
34%
Maidenii
34%
puheenjohtajiin
34%
joist
33%
ikinä
32%
lauloi
30%
rattaisiin
30%
friikit
29%
jotka
29%
luonnostaan
29%
Vuosia
29%
jokaiseen
28%
koneiston
28%
kymmenen
28%
pois
28%
vierähti
28%
erottuu
27%
käveli
27%
niist
27%
osia
27%
sydämeen
27%
tuli
27%
yksinäiseen
27%
lööpissä
25%
maailma
25%
Priestii
25%
takahuoneestaan
25%
joille
24%
pedattiin
24%
Suomen
24%
koko
23%
polvilleen
23%
sanoivat
23%
ulvoi
23%
hymypojat
22%
mimmit
22%
Ehtoja vastaavia visoja ei löytynyt
Tulosjakauma
Jokaisen tuloksen saaneiden osuus
Persentiili vastausten määrän mukaan
Tuloshistoriasi
Et ole pelannut tätä visaa